| 000 | 00432nam a2200145Ia 4500 | ||
|---|---|---|---|
| 003 | OSt | ||
| 005 | 20260202113750.0 | ||
| 008 | 211028s2019 xx 000 0 und d | ||
| 040 | _cAIMIT LIBRARY | ||
| 041 | _aeng | ||
| 100 |
_aAdatta, Anston Robin; Rowena Wright. _g1716023 _98003 |
||
| 245 | _aStudy on packaging and leakage challenges of short shelf life at DKMUL / | ||
| 260 |
_aMangalore _bBabu Thomas _c2019 |
||
| 942 |
_2ddc _cPRO |
||
| 999 |
_c219571 _d219571 |
||